000 00486nam a22001577a 4500
082 _a620.14
_bMUG
100 _aMughal, Saqib ur Rehman (363422)
_9120036
245 _aEnergy, Economic, And Environment (3E) Analysis of Green Hydrogen Production /
264 _aIslamabad :
_bUSPCAS-E, NUST
_cNovember, 2023.
300 _axiii, 71 p.
_e+CD
520 _aTH-539
650 _aMS ESE Thesis
650 _aMS Thesis
_918721
700 _aDr Muhammad Bilal Sajid
942 _2ddc
_cTHE
999 _c607487
_d607487